00853nam a22002297a 450000500170000001000130001702000100003003500130004003700160005304000120006908200230008110000620010424500950016624600480026126000630030927000660037230000510043865000460048965000490053565000210058465000180060520170124103022.0 aA-933264 c90.00 aA-933264 bCen Lib/Ret aDPLbHN aकbविजय  aविजयवर्गीय, रामगोपाल  aमध्यम मार्ग /cरामगोपाल विजयवर्गीय aMadhyam maarg /bby Ramgopal Vijayvargeeya  aजयपुर bसाहित्यसागर c1998 aचौड़ा रास्ता bजयपुर e302003 a91पृ. c20सेमी(सजिल्द) aहिन्दी साहित्य  aहिन्दी कहानियां  aHindi literature aHindi stories